000 00335nam a2200109Ia 4500
008 160909s9999 xx 000 0 und d
100 _aMehrabian, Armaghan
245 4 _aThe Eidolon
260 _bThe George Washington University.
_c2016
650 _aMULTIMEDIA ARTS
856 _uhttp://pqdtopen.proquest.com/doc/1808241710.html?FMT=ABS
999 _c304288
_d304288